000 00615nam a2200229Ia 4500
003 OSt
005 20221007064317.0
006 a|||||r|||| 00| 0
007 ta
008 221006b |||||||| |||| 00| 0 eng d
024 _a29,954
037 _cTextual
040 _aFLL
_cFLL
_beng
041 _2eng
_aeng
082 _aX:964:Z2qN47, K1
100 _aMalhotra Y.P.
_9685626
245 0 _aIndustrial disputes act, 1947
260 _aDelhi
_bBahri Brothers India
_c1961
300 _aiii,36p
_ccm.
942 _hX:964:Z2qN47, K1
_cTEXL
_2CC
999 _c1133688
_d1133688